02096cam a2200301 a 450000100100000000500170001000800410002702000150006804000300008308200180011324501330013126000560026430000260032050001330034650400410047950000190052050507470053960000690128665000600135565000520141565000500146765000640151770000370158191000280161804900090164695201220165599900170177700001823520200929165420.0701026s1970 ilu b 001 0 eng d a0226263460 aDO-SdBNPcDLCdDLCdBNPHU a839.69bS193b00aSamuel Beckett now :bcritical approaches to his novels, poetry, and plays. /cEdited and with an introd. by Melvin J. Friedman. aChicago ;aLondon, :bUniversity of Chicago,c1970. axii, 275 p. ;c23 cm. aWith the exception of three essays, an earlier form of this book appeared in French as Configuration critique de Samuel Beckett. aIncludes bibliographical references. aIncludes index0 aIntroduction, by M. J. Friedman.--The elusive ego: Beckett's M's, by F. J. Hoffman.--Robbe-Grillet as a critic of Samuel Beckett, by B. Morrissette.--The strange world of Beckett's "grands articules," by G. Bree.--Black humor: the pockets of Lemuel Gulliver and Samuel Beckett, by E. Kern.--Beckettian paradox: who is telling the truth? By R. Federman.--Adventures of the first person, by R. Champigny.--Molloy or the quest for meaninglessness: a global interpretation, by D. Hayman.--Interpreting Molloy, by J. Fletcher.--A poet's initiation, by L. E. Harvey.--The laughter of sad Samuel Beckett, by R. Cohn.--Beckett's metaphysics of choiceless awareness, by R. Lamont.--Samuel Beckett: a checklist of criticism, by J. R. Bryer (p. 219-259)10aBECKETT, SAMUEL,d1906-1989xCRÍTICA E INTERPRETACIÓN933185 4aAutores irlandesesxCrítica e interpretación939485 4aPoesía irlandesaxHistoria y crítica939486 4aNovela irlandesaxHistoria y crítica939487 4aLiteratura irlandesaxHistoria y críticaySIGLO XX9394881 aFriedman, Melvin J.,eed.939489 aCatalogación derivada aBNGR 001053728MOaGRbGRcCTd2010-04-21iLF1l0o839.69 S193bp18235-10r2020-06-25te. 1w2020-06-25y1ZNo se presta c17756d17756